000 01028nam a22002657a 4500
005 20140220123024.0
010 _aENG-108456
020 _a9788132111382
_c650.00
035 _aEN-91989
037 _bDBAD/PUB
082 0 0 _a305.40954
_223
100 1 _aDeka, Meeta
245 1 0 _aWomen's agency and social change :
_bAssam and beyond /
_cby Meeta Deka
260 _aNew Delhi
_bSAGE Publications
_c2013
270 _aB1/I-1 Mohan Cooperative Industrial Area, Mathura Road
_bNew Delhi
_e110044
300 _axxvii,200p.
_c22cm(Hb)
490 0 _aSage studies on India's North East
500 _aIncludes bibliographical references and index.
505 0 _aWomen and society -- Women and law -- Women and economy: marginalization, alienation and agency -- Changing patriarchy and women's space in politics -- Conclusion.
650 0 _aWomen
_zIndia.
650 0 _aWomen
_xPolitical activity
_zIndia.
650 0 _aFeminism
_zIndia.
650 0 _aSocial change
_zIndia.
942 _2ddc
_cEN
_h305.40954
_mDEK
999 _c82645
_d82645